000
00300nam a22001457a 4500
008
210225b ||||| |||| 00| 0 eng d
020
_a
0874270499
041
_a
eng
080
_a
7
082
_a
7
100
_a
44
101
_a
ART
245
_a
John Singer Sargent
_c
Hills, P
942
_2
udc
_c
BK
999
_c
55196
_d
55196